| 000 | 00921nam a2200253 a 4500 | ||
|---|---|---|---|
| 001 | 000029156 | ||
| 003 | OSt | ||
| 005 | 20220126092614.0 | ||
| 008 | 110413s2007 dr 000 0 spa d | ||
| 040 |
_aDO-SdBNP _bspa _cBNPHU |
||
| 082 |
_a972.9105 _bM278 2007 _222 |
||
| 245 | 0 | 0 |
_aManifiesto de Montecristi / _cedición Tomás Castro Burdiez |
| 260 |
_aSanto Domingo : _bFundación Juan Bosch, _c2007. |
||
| 300 |
_a23 p. ; _c21 cm. |
||
| 500 | _3Incluye referencias biblográficas y notas al pie de la páginas | ||
| 504 | _aIncluye referencias bibliográficas y notas al pie de la páginas | ||
| 590 | _6Inventariado, 2022/VM | ||
| 600 | 1 | 4 |
_aMartí, José _d1853-1895 _xPensamiento político |
| 651 | 4 |
_aCuba _xHistoria _yGuerra de independencia, 1885-1889 _v |
|
| 700 | 1 |
_aCastro Burdiez, Tomás _eed. |
|
| 710 | 2 | _aFundación Juan Bosch (República Dominicana) | |
| 910 | _aVMateo V. | ||
| 942 |
_2ddc _cBK |
||
| 999 |
_c13975 _d13975 |
||